000 00674nam a22002177a 4500
999 _c10058
_d10058
003 AR-CdUCM
008 190329b ||||| |||| 00| 0 spa d
040 _aMUNICIPALIDAD PROVINCIAL DEL CUSCO
_cBIBLIOTECA MUNICIPAL DEL CUSCO
082 _23ed.
_a868.6 /
_bUN53A / 1944
100 _aUnamuno, Miguel de
_9458
245 _aAmor y pedagogía /
260 _aBuenos Aires ;
_bEspasa-Calpe,
_c1944
300 _a171 páginas ;
_bfiguras,
_c18 cm.
440 _aColección Austral.
_n10
_926690
505 _aContenido: Amor y pedagogía.
650 _aNovelas españolas
_9584
650 _aSiglo XX
_98
650 _aLiteratura
_983
942 _2ddc
_cLIBROS
945 _aachl